Drapeau de pays - Statistiques

Statistiques générales
  • Ce quiz a été pris 85 fois
  • Le résultat moyen est 13 sur 16
Statistiques - réponses
Par images Réponse % Correct
Etats Unis
100%
France
100%
Japon
100%
Australie
98%
Brésil
98%
Canada
96%
Finlande
96%
Tunisie
95%
Côte d'ivoire
89%
Géorgie
83%
Somalie
65%
Guatemala
62%
Lituanie
60%
Maldives
51%
Nauru
41%
Rwanda
38%
Aucun quiz correspondant
Distribution des résultats
% des personnes avec chaque résultat
Percentile par nombre de réponses
Votre historique - résultats
Vous n’avez pas pris ce quiz